000 00790nam a2200241 a 4500
008
020 _a0697001377 (pbk. )
049 _aMAIN
090 _aGE105
_bCUN
100 1 _aCunningham, William P.
245 1 0 _aEnvironmental science :
_ba global concern /
_cWilliam P. Cunningham ; Barbara Woodworth Saigo.
260 _aDubuque, IA :
_bWm. C. Brown Publishers,
_cc1990.
300 _axvii, 582 p. :
_bill. (some col.), col. maps ;
_c29 cm.
504 _aIncludes bibliographical references.
500 _aIncludes index.
650 0 _aEnvironmental sciences.
700 1 _aSaigo, Barbara Woodworth.
907 _a.b10311300
_b20-03-12
_c20-03-12
003
005 20230123125421.0
040 _cNUST
942 _cBOOKS
_kGE105
_mCUN
999 _c141139
_d141139